00299nam a2200133Ia 45000030006000000080041000060400015000471000020000622450026000822500011001082600017001195460012001360050017001480STCL150530s9999 xx 000 0 und d aSTCLcSTCL aApostol Tim, M. aMathematical analysis aSecond bNarosac1994 aEnglish20220125165958.0